000 00632nam a2200193Ia 4500
005 20260114185626.0
008 008 260114s9999 xx 000 0 eng d
020 _a9781474290524
037 _aEBOOK
040 _aCRL
_beng
_cCRL
041 _aeng
_2eng
084 _qCRL
100 _aPanikos Panayi
_9872380
245 0 _aMinorities in Wartime National and Racial Groupings in Europe, North America and Australia during the Two World Wars
260 _bBloomsbury
_c2016
856 _uhttps://doi.org/10.5040/9781474290524?locatt=label:secondary_bloomsburyCollections
942 _cEBOOK
999 _c1471328
_d1471328